|
|
|
|
| LEADER |
00647cam a2200181 7i4500 |
| 001 |
0000015197 |
| 005 |
20170218090000.0 |
| 090 |
0 |
0 |
|a HF5438.5
|b .N67 2004
|
| 100 |
0 |
|
|a Nor Farazila Mohd Idrus
|
| 245 |
1 |
0 |
|a Strategi mempromosikan Secret Recipe di Seksyen 9 Shah
|c Nor Farazila binti Mohd Idrus.
|
| 260 |
|
|
|a Bestari Jaya, Selangor:
|b UNISEL,
|c 2004.
|
| 300 |
|
|
|a v, 60 p.;
|c 30 cm.
|
| 610 |
2 |
|
|a Universiti Industri Selangor
|
| 650 |
0 |
0 |
|a Advertising
|
| 650 |
0 |
0 |
|a Sales promotion
|
| 650 |
0 |
0 |
|a Public relations
|
| 997 |
|
|
|a Business & Accountancy, Faculty
|
| 999 |
|
|
|a PRC0000154
|b PROJECT REPORT COLLECTION
|c PROJECT REPORT COLLECTION
|e 2nd Floor, Shah Alam
|